[Event "Team Championship Russia (Blitz, Men)"]
[Site "Sochi"]
[Date "2018.10.10"]
[Round "12.24"]
[White "Sharafiev, Azat"]
[Black "Rudakov, Sergey S."]
[Result "1-0"]
[BlackElo "1896"]
[WhiteElo "2435"]
[LiveChessVersion "1.4.8"]

1. e4 {[%clk 0:03:03]} e6 {[%clk 0:03:02]} 2. d4 {[%clk 0:02:58]} d5
{[%clk 0:03:03]} 3. Nd2 {[%clk 0:02:59]} Nf6 {[%clk 0:03:04]} 4. e5
{[%clk 0:02:50]} Nfd7 {[%clk 0:03:04]} 5. f4 {[%clk 0:02:51]} c5 {[%clk 0:03:04]}
6. c3 {[%clk 0:02:51]} Nc6 {[%clk 0:03:05]} 7. Ngf3 {[%clk 0:02:52]} Qb6
{[%clk 0:03:06]} 8. Nb3 {[%clk 0:02:53]} a5 {[%clk 0:03:03]} 9. dxc5
{[%clk 0:02:44]} Nxc5 {[%clk 0:03:03]} 10. Be3 {[%clk 0:02:43]} a4
{[%clk 0:03:01]} 11. Nxc5 {[%clk 0:02:41]} Bxc5 {[%clk 0:03:01]} 12. Bxc5
{[%clk 0:02:42]} Qxc5 {[%clk 0:03:01]} 13. Qd2 {[%clk 0:02:40]} Bd7
{[%clk 0:02:54]} 14. Qf2 {[%clk 0:02:34]} Qa5 {[%clk 0:02:46]} 15. Bd3
{[%clk 0:02:33]} g6 {[%clk 0:02:45]} 16. O-O {[%clk 0:02:31]} O-O
{[%clk 0:02:42]} 17. Qh4 {[%clk 0:02:27]} Kg7 {[%clk 0:02:21]} 18. Qf6+
{[%clk 0:02:16]} Kg8 {[%clk 0:02:20]} 19. h4 {[%clk 0:02:13]} Qd8
{[%clk 0:02:19]} 20. h5 {[%clk 0:01:58]} Qxf6 {[%clk 0:02:19]} 21. exf6
{[%clk 0:01:59]} a3 {[%clk 0:01:59]} 22. b4 {[%clk 0:01:54]} Rfc8
{[%clk 0:01:51]} 23. Rac1 {[%clk 0:01:48]} Na7 {[%clk 0:01:38]} 24. Nd4
{[%clk 0:01:38]} Nc6 {[%clk 0:01:37]} 25. Kf2 {[%clk 0:01:27]} Nxd4
{[%clk 0:01:33]} 26. cxd4 {[%clk 0:01:28]} b5 {[%clk 0:01:20]} 27. Rc5
{[%clk 0:01:18]} Rxc5 {[%clk 0:01:20]} 28. dxc5 {[%clk 0:01:14]} Ra4
{[%clk 0:01:17]} 29. Rb1 {[%clk 0:01:14]} Bc6 {[%clk 0:01:15]} 30. Ke3
{[%clk 0:01:10]} d4+ {[%clk 0:01:08]} 31. Kxd4 {[%clk 0:01:11]} Bxg2
{[%clk 0:01:08]} 32. Bxb5 {[%clk 0:01:10]} Ra8 {[%clk 0:01:08]} 33. c6
{[%clk 0:01:06]} Bd5 {[%clk 0:01:06]} 34. Ra1 {[%clk 0:00:57]} Rc8
{[%clk 0:01:06]} 35. Kc5 {[%clk 0:00:58]} gxh5 {[%clk 0:01:04]} 36. Rg1+
{[%clk 0:00:45]} Kf8 {[%clk 0:00:57]} 37. Rg3 {[%clk 0:00:44]} Ra8
{[%clk 0:00:39]} 38. Bc4 {[%clk 0:00:42]} Be4 {[%clk 0:00:35]} 39. b5
{[%clk 0:00:39]} Rc8 {[%clk 0:00:33]} 40. Rxa3 {[%clk 0:00:35]} Bg2
{[%clk 0:00:15]} 41. Be2 {[%clk 0:00:35]} h4 {[%clk 0:00:15]} 42. Bf3
{[%clk 0:00:35]} Bf1 {[%clk 0:00:09]} 43. b6 {[%clk 0:00:33]} h3 {[%clk 0:00:08]}
44. b7 {[%clk 0:00:33]} Rb8 {[%clk 0:00:08]} 45. c7 {[%clk 0:00:33]} 1-0

[Event "Team Championship Russia (Blitz, Men)"]
[Site "Sochi"]
[Date "2018.10.10"]
[Round "12.26"]
[White "Nazaretyan, Tigran"]
[Black "Antipov, Mikhail Al."]
[Result "0-1"]
[BlackElo "2491"]
[WhiteElo "2307"]
[LiveChessVersion "1.4.8"]

1. d4 {[%clk 0:03:03]} Nf6 {[%clk 0:03:03]} 2. c4 {[%clk 0:03:03]} c6
{[%clk 0:03:05]} 3. Nf3 {[%clk 0:03:03]} d5 {[%clk 0:03:06]} 4. Nc3
{[%clk 0:03:02]} a6 {[%clk 0:03:07]} 5. e3 {[%clk 0:03:02]} Bf5 {[%clk 0:03:08]}
6. Nh4 {[%clk 0:02:54]} Bg4 {[%clk 0:02:46]} 7. Qb3 {[%clk 0:02:54]} Bc8
{[%clk 0:02:47]} 8. Qc2 {[%clk 0:02:40]} b5 {[%clk 0:02:40]} 9. b3
{[%clk 0:02:41]} e5 {[%clk 0:02:39]} 10. dxe5 {[%clk 0:02:31]} Ne4
{[%clk 0:02:40]} 11. Nxe4 {[%clk 0:01:53]} dxe4 {[%clk 0:02:41]} 12. Qxe4
{[%clk 0:01:55]} Bb4+ {[%clk 0:02:41]} 13. Ke2 {[%clk 0:01:56]} O-O
{[%clk 0:02:31]} 14. cxb5 {[%clk 0:01:46]} Bc3 {[%clk 0:02:32]} 15. Rb1
{[%clk 0:01:43]} axb5 {[%clk 0:02:32]} 16. Qc2 {[%clk 0:01:20]} b4
{[%clk 0:02:15]} 17. g3 {[%clk 0:01:17]} f6 {[%clk 0:01:19]} 18. e6
{[%clk 0:00:58]} Bxe6 {[%clk 0:01:11]} 19. a4 {[%clk 0:00:59]} Nd7
{[%clk 0:00:25]} 20. Bg2 {[%clk 0:00:45]} Nc5 {[%clk 0:00:13]} 21. Rd1
{[%clk 0:00:43]} Qc8 {[%clk 0:00:14]} 22. Nf3 {[%clk 0:00:29]} Qa6+
{[%clk 0:00:12]} 23. Rd3 {[%clk 0:00:24]} Bf5 {[%clk 0:00:12]} 24. Ne1
{[%clk 0:00:16]} Bxe1 {[%clk 0:00:07]} 25. Kxe1 {[%clk 0:00:13]} Nxd3+
{[%clk 0:00:06]} 26. Kd2 {[%clk 0:00:14]} Rfd8 {[%clk 0:00:06]} 27. Qc4+
{[%clk 0:00:14]} Qxc4 {[%clk 0:00:07]} 28. bxc4 {[%clk 0:00:16]} Ne5+
{[%clk 0:00:08]} 29. Ke1 {[%clk 0:00:14]} Bxb1 {[%clk 0:00:08]} 30. Bb2
{[%clk 0:00:15]} Rxa4 {[%clk 0:00:09]} 31. Bxe5 {[%clk 0:00:16]} fxe5
{[%clk 0:00:10]} 32. Bxc6 {[%clk 0:00:17]} Ra2 {[%clk 0:00:09]} 33. Bd5+
{[%clk 0:00:18]} Rxd5 {[%clk 0:00:09]} 34. cxd5 {[%clk 0:00:18]} Bf5
{[%clk 0:00:09]} 35. f3 {[%clk 0:00:19]} b3 {[%clk 0:00:09]} 36. e4
{[%clk 0:00:20]} Rxh2 {[%clk 0:00:09]} 37. exf5 b2 0-1

[Event "Team Championship Russia (Blitz, Men)"]
[Site "Sochi"]
[Date "2018.10.10"]
[Round "12.27"]
[White "Yuffa, Daniil"]
[Black "Tenikashvili, Georgij"]
[Result "0-1"]
[BlackElo "2114"]
[WhiteElo "2470"]
[LiveChessVersion "1.4.8"]

1. Nc3 {[%clk 0:03:03]} d5 {[%clk 0:03:01]} 2. e3 {[%clk 0:03:04]} Nf6
{[%clk 0:03:01]} 3. f4 {[%clk 0:03:03]} c5 {[%clk 0:03:00]} 4. Nf3
{[%clk 0:03:04]} Nc6 {[%clk 0:03:01]} 5. Be2 {[%clk 0:03:05]} Bg4
{[%clk 0:03:00]} 6. O-O {[%clk 0:03:04]} e6 {[%clk 0:02:54]} 7. d3
{[%clk 0:03:05]} Be7 {[%clk 0:02:54]} 8. h3 {[%clk 0:03:06]} Bxf3
{[%clk 0:02:54]} 9. Bxf3 {[%clk 0:03:07]} O-O {[%clk 0:02:54]} 10. e4
{[%clk 0:03:07]} dxe4 {[%clk 0:02:47]} 11. dxe4 {[%clk 0:03:08]} Qxd1
{[%clk 0:02:41]} 12. Nxd1 {[%clk 0:03:08]} Nd4 {[%clk 0:02:33]} 13. Ne3
{[%clk 0:02:55]} Nxf3+ {[%clk 0:02:29]} 14. gxf3 {[%clk 0:02:56]} Rfd8
{[%clk 0:02:29]} 15. a4 {[%clk 0:02:56]} Rd4 {[%clk 0:02:06]} 16. c3
{[%clk 0:02:53]} Rd3 {[%clk 0:02:04]} 17. Kf2 {[%clk 0:02:53]} Rad8
{[%clk 0:02:04]} 18. Ke2 {[%clk 0:02:53]} Nh5 {[%clk 0:02:02]} 19. Rd1
{[%clk 0:02:15]} Nxf4+ {[%clk 0:01:59]} 20. Ke1 {[%clk 0:02:15]} Bh4+
{[%clk 0:01:58]} 0-1

[Event "Team Championship Russia (Blitz, Men)"]
[Site "Sochi"]
[Date "2018.10.10"]
[Round "12.28"]
[White "Basiev, Valeriy P."]
[Black "Kryakvin, Dmitry"]
[Result "0-1"]
[BlackElo "2468"]
[WhiteElo "2022"]
[LiveChessVersion "1.4.8"]

1. e4 {[%clk 0:03:03]} c5 {[%clk 0:03:03]} 2. Nf3 {[%clk 0:03:04]} d6
{[%clk 0:03:04]} 3. d4 {[%clk 0:03:05]} cxd4 {[%clk 0:03:04]} 4. Nxd4
{[%clk 0:03:07]} Nf6 {[%clk 0:03:05]} 5. Nc3 {[%clk 0:03:08]} Nc6
{[%clk 0:03:06]} 6. Bg5 {[%clk 0:03:08]} e6 {[%clk 0:03:07]} 7. Qd2
{[%clk 0:03:07]} Be7 {[%clk 0:03:08]} 8. O-O-O {[%clk 0:03:04]} O-O
{[%clk 0:03:09]} 9. Nb3 {[%clk 0:02:48]} Qb6 {[%clk 0:02:55]} 10. Be3
{[%clk 0:02:18]} Qc7 11. f3 a6 {[%clk 0:02:49]} 12. g4 {[%clk 0:02:18]} b5
{[%clk 0:02:47]} 13. a3 {[%clk 0:02:06]} Nd7 {[%clk 0:02:42]} 14. h4
{[%clk 0:02:07]} Rb8 {[%clk 0:02:33]} 15. Be2 {[%clk 0:02:06]} Nc5
{[%clk 0:02:26]} 16. Nd4 {[%clk 0:01:59]} Bd7 {[%clk 0:02:18]} 17. h5
{[%clk 0:01:59]} b4 {[%clk 0:01:57]} 18. axb4 {[%clk 0:01:59]} Nxb4
{[%clk 0:01:56]} 19. g5 {[%clk 0:01:39]} Qa5 {[%clk 0:01:57]} 20. Kb1
{[%clk 0:01:40]} Na4 {[%clk 0:01:50]} 21. Nxa4 {[%clk 0:01:32]} Qxa4
{[%clk 0:01:51]} 22. Bc4 {[%clk 0:01:32]} d5 {[%clk 0:01:32]} 23. Bb3
{[%clk 0:01:29]} Qa5 {[%clk 0:01:28]} 24. g6 {[%clk 0:01:24]} Ba4
{[%clk 0:01:22]} 25. gxf7+ {[%clk 0:01:21]} Rxf7 {[%clk 0:01:23]} 26. exd5
{[%clk 0:00:49]} exd5 {[%clk 0:01:09]} 27. h6 {[%clk 0:00:37]} Bxb3
{[%clk 0:01:02]} 28. Nxb3 {[%clk 0:00:38]} Qa2+ 29. Kc1 Rc8 {[%clk 0:01:03]} 30.
Bc5 {[%clk 0:00:07]} Bxc5 {[%clk 0:00:59]} 31. Qc3 {[%clk 0:00:06]} Be3+
{[%clk 0:00:55]} 0-1

[Event "Team Championship Russia (Blitz, Men)"]
[Site "Sochi"]
[Date "2018.10.10"]
[Round "12.29"]
[White "Rakhmanov, Aleksandr"]
[Black "Kretov, Evgenij"]
[Result "1/2-1/2"]
[BlackElo "2355"]
[WhiteElo "2578"]
[LiveChessVersion "1.4.8"]

1. c4 {[%clk 0:03:03]} Nf6 {[%clk 0:03:03]} 2. Nc3 {[%clk 0:03:04]} c5
{[%clk 0:03:04]} 3. Nf3 {[%clk 0:03:05]} e6 {[%clk 0:03:05]} 4. e4
{[%clk 0:03:05]} Nc6 {[%clk 0:03:03]} 5. Be2 {[%clk 0:03:06]} a6 {[%clk 0:03:00]}
6. d4 {[%clk 0:03:06]} cxd4 {[%clk 0:03:01]} 7. Nxd4 {[%clk 0:03:07]} Qc7
{[%clk 0:03:02]} 8. O-O {[%clk 0:02:59]} Bc5 {[%clk 0:03:02]} 9. Be3
{[%clk 0:02:56]} Nxd4 {[%clk 0:02:57]} 10. Bxd4 {[%clk 0:02:57]} d6
{[%clk 0:02:58]} 11. Qd2 {[%clk 0:02:52]} Bd7 {[%clk 0:02:47]} 12. Rad1
{[%clk 0:02:35]} Rd8 {[%clk 0:02:30]} 13. Qg5 {[%clk 0:02:27]} Bxd4
{[%clk 0:02:28]} 14. Rxd4 {[%clk 0:02:26]} O-O {[%clk 0:02:25]} 15. Rfd1
{[%clk 0:02:19]} Bc6 {[%clk 0:02:18]} 16. Bf3 {[%clk 0:02:04]} Rd7
{[%clk 0:01:41]} 17. Qd2 {[%clk 0:01:56]} Rfd8 {[%clk 0:01:40]} 18. b4
{[%clk 0:01:37]} b5 {[%clk 0:01:33]} 19. cxb5 {[%clk 0:01:27]} axb5
{[%clk 0:01:33]} 20. g4 {[%clk 0:01:24]} h6 {[%clk 0:01:28]} 21. h4
{[%clk 0:01:25]} Qb7 {[%clk 0:00:35]} 22. Qe3 {[%clk 0:01:13]} Ne8
{[%clk 0:00:24]} 23. g5 {[%clk 0:01:09]} hxg5 {[%clk 0:00:25]} 24. hxg5
{[%clk 0:01:10]} Kf8 {[%clk 0:00:25]} 25. Bg2 {[%clk 0:01:05]} Ra8
{[%clk 0:00:24]} 26. R4d3 {[%clk 0:00:57]} Qa7 {[%clk 0:00:24]} 27. Qh3
{[%clk 0:00:57]} Qb7 {[%clk 0:00:22]} 28. f4 {[%clk 0:00:52]} Qb6+
{[%clk 0:00:21]} 29. Kh2 {[%clk 0:00:51]} Qf2 {[%clk 0:00:18]} 30. R3d2
{[%clk 0:00:42]} Qxf4+ {[%clk 0:00:18]} 31. Kg1 {[%clk 0:00:37]} Qxg5
{[%clk 0:00:18]} 32. Rf2 {[%clk 0:00:37]} Ke7 {[%clk 0:00:19]} 33. Rdf1
{[%clk 0:00:38]} Nf6 {[%clk 0:00:19]} 34. Rf3 {[%clk 0:00:32]} Qe5
{[%clk 0:00:19]} 35. Re3 {[%clk 0:00:28]} Qd4 {[%clk 0:00:13]} 36. Rd1
{[%clk 0:00:29]} Qe5 {[%clk 0:00:14]} 37. Nd5+ {[%clk 0:00:29]} Kd8
{[%clk 0:00:03]} 38. Nb6 {[%clk 0:00:18]} Ra6 {[%clk 0:00:04]} 39. Nxd7
{[%clk 0:00:19]} Kxd7 {[%clk 0:00:06]} 40. Red3 {[%clk 0:00:17]} Bb7
{[%clk 0:00:07]} 41. Qe3 {[%clk 0:00:18]} Ke7 {[%clk 0:00:07]} 42. Rc1
{[%clk 0:00:18]} Ne8 {[%clk 0:00:08]} 43. Rcd1 {[%clk 0:00:19]} Bc6
{[%clk 0:00:09]} 44. Rc1 {[%clk 0:00:20]} Bd7 {[%clk 0:00:10]} 45. Qd2
{[%clk 0:00:21]} Ra7 {[%clk 0:00:07]} 46. Re1 {[%clk 0:00:22]} Rc7
{[%clk 0:00:08]} 47. Rd5 {[%clk 0:00:19]} Qg3 {[%clk 0:00:08]} 48. Rg5
{[%clk 0:00:19]} Qh4 {[%clk 0:00:08]} 49. e5 {[%clk 0:00:18]} dxe5
{[%clk 0:00:09]} 50. Rgxe5 {[%clk 0:00:16]} Rc4 {[%clk 0:00:10]} 51. Rd1
{[%clk 0:00:14]} Nf6 {[%clk 0:00:08]} 52. Rxb5 {[%clk 0:00:10]} Nd5
{[%clk 0:00:05]} 53. Rxd5 {[%clk 0:00:07]} exd5 {[%clk 0:00:05]} 54. Qxd5
{[%clk 0:00:09]} Qg4 {[%clk 0:00:05]} 55. Qd6+ {[%clk 0:00:08]} Ke8
{[%clk 0:00:06]} 56. Re1+ {[%clk 0:00:08]} Be6 {[%clk 0:00:07]} 57. Qb8+
{[%clk 0:00:08]} Ke7 {[%clk 0:00:08]} 58. Qa7+ {[%clk 0:00:09]} Ke8
{[%clk 0:00:07]} 59. Qb8+ {[%clk 0:00:08]} Ke7 {[%clk 0:00:09]} 60. Qa7+
{[%clk 0:00:10]} Ke8 {[%clk 0:00:11]} 1/2-1/2

[Event "Team Championship Russia (Blitz, Men)"]
[Site "Sochi"]
[Date "2018.10.10"]
[Round "12.30"]
[White "Chekhov, Sergei"]
[Black "Rozum, Ivan"]
[Result "0-1"]
[BlackElo "2595"]
[WhiteElo "2391"]
[LiveChessVersion "1.4.8"]

1. e4 {[%clk 0:03:03]} c6 {[%clk 0:03:03]} 2. d4 {[%clk 0:03:05]} d5
{[%clk 0:03:04]} 3. exd5 {[%clk 0:03:06]} cxd5 {[%clk 0:03:05]} 4. c4
{[%clk 0:03:07]} Nf6 {[%clk 0:03:06]} 5. Nc3 {[%clk 0:03:09]} e6 {[%clk 0:03:04]}
6. cxd5 {[%clk 0:03:08]} Nxd5 {[%clk 0:03:05]} 7. Nf3 {[%clk 0:03:10]} Bb4
{[%clk 0:03:04]} 8. Bd2 {[%clk 0:03:11]} O-O {[%clk 0:03:04]} 9. Bc4
{[%clk 0:03:11]} Nb6 {[%clk 0:02:59]} 10. Bb3 {[%clk 0:03:12]} Nc6
{[%clk 0:03:00]} 11. Bg5 {[%clk 0:03:00]} Be7 {[%clk 0:02:49]} 12. Bf4
{[%clk 0:02:58]} Bf6 {[%clk 0:02:46]} 13. Be3 {[%clk 0:02:48]} Na5
{[%clk 0:02:46]} 14. Bc2 {[%clk 0:02:47]} Nac4 {[%clk 0:02:46]} 15. O-O
{[%clk 0:02:43]} g6 {[%clk 0:02:39]} 16. Ne4 {[%clk 0:02:30]} Bg7
{[%clk 0:02:39]} 17. Bg5 {[%clk 0:02:27]} f6 {[%clk 0:02:36]} 18. Bc1
{[%clk 0:02:25]} Nd5 {[%clk 0:02:28]} 19. Re1 {[%clk 0:02:09]} b6
{[%clk 0:02:25]} 20. Bb3 {[%clk 0:01:48]} Na5 {[%clk 0:02:22]} 21. Bc2
{[%clk 0:01:31]} Qd7 {[%clk 0:02:23]} 22. b3 {[%clk 0:01:29]} Nc6
{[%clk 0:02:18]} 23. a3 {[%clk 0:01:12]} a5 {[%clk 0:02:14]} 24. h4
{[%clk 0:01:01]} Ba6 {[%clk 0:02:12]} 25. h5 {[%clk 0:00:52]} g5 {[%clk 0:02:13]}
26. Bb1 {[%clk 0:00:24]} h6 {[%clk 0:02:11]} 27. Bb2 {[%clk 0:00:13]} Rfd8
{[%clk 0:02:02]} 28. Ng3 {[%clk 0:00:14]} f5 {[%clk 0:01:58]} 29. Ne5
{[%clk 0:00:13]} Nxe5 {[%clk 0:01:58]} 30. dxe5 {[%clk 0:00:14]} Nf4
{[%clk 0:01:56]} 31. Qf3 {[%clk 0:00:15]} Bb7 {[%clk 0:01:55]} 32. Qc3
{[%clk 0:00:11]} Rac8 {[%clk 0:01:55]} 33. Qe3 {[%clk 0:00:07]} Nxg2
{[%clk 0:01:56]} 34. Qe2 {[%clk 0:00:09]} Nxe1 {[%clk 0:01:53]} 35. Qxe1
{[%clk 0:00:07]} Qd5 {[%clk 0:01:53]} 36. Qf1 {[%clk 0:00:08]} Qf3
{[%clk 0:01:45]} 37. b4 {[%clk 0:00:06]} Rd1 {[%clk 0:01:44]} 0-1

[Event "Team Championship Russia (Blitz, Men)"]
[Site "Sochi"]
[Date "2018.10.10"]
[Round "12.31"]
[White "Moiseenko, Vadim"]
[Black "Okun, Evgeny"]
[Result "1-0"]
[BlackElo "2197"]
[WhiteElo "2421"]
[LiveChessVersion "1.4.8"]

1. Nf3 {[%clk 0:03:03]} c5 {[%clk 0:03:02]} 2. b3 {[%clk 0:03:03]} d6
{[%clk 0:03:02]} 3. d4 {[%clk 0:03:02]} cxd4 {[%clk 0:03:02]} 4. Nxd4
{[%clk 0:03:03]} Nf6 {[%clk 0:03:01]} 5. c4 {[%clk 0:03:03]} g6 {[%clk 0:03:01]}
6. e3 {[%clk 0:03:03]} Bg7 {[%clk 0:03:02]} 7. Be2 {[%clk 0:03:04]} Nc6
{[%clk 0:03:03]} 8. Bb2 {[%clk 0:03:03]} O-O {[%clk 0:03:02]} 9. O-O
{[%clk 0:03:04]} Bd7 {[%clk 0:03:00]} 10. Nd2 {[%clk 0:03:04]} e5
{[%clk 0:02:45]} 11. Nb5 {[%clk 0:03:03]} d5 {[%clk 0:02:41]} 12. cxd5
{[%clk 0:03:00]} Nxd5 {[%clk 0:02:42]} 13. Ne4 {[%clk 0:02:49]} Be6
{[%clk 0:01:59]} 14. Nc5 {[%clk 0:02:47]} Bc8 {[%clk 0:01:47]} 15. Bf3
{[%clk 0:02:24]} Nde7 {[%clk 0:01:23]} 16. Qxd8 {[%clk 0:02:00]} Rxd8
{[%clk 0:01:24]} 17. Rfd1 {[%clk 0:02:01]} Rf8 {[%clk 0:01:12]} 18. Rac1
{[%clk 0:01:53]} b6 {[%clk 0:00:52]} 19. Na4 {[%clk 0:01:34]} Bb7
{[%clk 0:00:33]} 20. Nd6 {[%clk 0:01:34]} Ba6 {[%clk 0:00:11]} 21. Bxc6
{[%clk 0:01:31]} Nxc6 {[%clk 0:00:12]} 22. Rxc6 {[%clk 0:01:32]} h5
{[%clk 0:00:12]} 23. h3 {[%clk 0:01:15]} Rfd8 {[%clk 0:00:10]} 24. Rdc1
{[%clk 0:01:11]} Bf8 {[%clk 0:00:05]} 25. Bxe5 {[%clk 0:01:10]} Bxd6
{[%clk 0:00:04]} 26. Rxd6 {[%clk 0:01:10]} 1-0

[Event "Team Championship Russia (Blitz, Men)"]
[Site "Sochi"]
[Date "2018.10.10"]
[Round "12.32"]
[White "Kostin, Alexey"]
[Black "Gogolev, Artem"]
[Result "0-1"]
[BlackElo "2360"]
[WhiteElo "2314"]
[LiveChessVersion "1.4.8"]

1. e4 {[%clk 0:03:03]} c5 {[%clk 0:03:03]} 2. c3 {[%clk 0:03:04]} Nf6
{[%clk 0:03:00]} 3. e5 {[%clk 0:03:06]} Nd5 {[%clk 0:03:01]} 4. d4
{[%clk 0:03:07]} cxd4 {[%clk 0:03:01]} 5. Qxd4 {[%clk 0:03:09]} e6
{[%clk 0:03:00]} 6. Bc4 {[%clk 0:03:10]} Nc6 7. Qe4 f5 {[%clk 0:02:59]} 8. Qe2
{[%clk 0:03:13]} Nde7 {[%clk 0:02:53]} 9. Nf3 {[%clk 0:03:13]} b6
{[%clk 0:02:52]} 10. O-O {[%clk 0:03:09]} Bb7 {[%clk 0:02:50]} 11. Na3
{[%clk 0:03:04]} a6 {[%clk 0:02:46]} 12. Nc2 {[%clk 0:03:04]} Qc7
{[%clk 0:02:45]} 13. Bb3 {[%clk 0:03:00]} h6 {[%clk 0:02:24]} 14. h4
{[%clk 0:02:54]} Na5 {[%clk 0:02:10]} 15. Ncd4 {[%clk 0:02:44]} Nxb3
{[%clk 0:02:02]} 16. axb3 {[%clk 0:02:45]} Nd5 {[%clk 0:01:50]} 17. c4
{[%clk 0:02:42]} Nb4 {[%clk 0:01:47]} 18. Rd1 {[%clk 0:02:22]} Bc5
{[%clk 0:01:40]} 19. Be3 {[%clk 0:02:18]} O-O-O {[%clk 0:01:36]} 20. h5
{[%clk 0:02:03]} g5 {[%clk 0:01:19]} 21. hxg6 {[%clk 0:02:03]} Rhg8
{[%clk 0:01:20]} 22. Bxh6 {[%clk 0:01:53]} Rxg6 {[%clk 0:01:20]} 23. Bf4
{[%clk 0:01:52]} Rdg8 {[%clk 0:01:11]} 24. g3 {[%clk 0:01:43]} Rh8
{[%clk 0:01:11]} 25. Kg2 {[%clk 0:01:42]} Rhg8 {[%clk 0:00:49]} 26. Rd2
{[%clk 0:01:34]} Rg4 {[%clk 0:00:47]} 27. Qe3 {[%clk 0:01:20]} Bxd4
{[%clk 0:00:39]} 28. Qxd4 {[%clk 0:01:06]} Nc6 {[%clk 0:00:29]} 29. Qe3
{[%clk 0:01:03]} Ne7 {[%clk 0:00:26]} 30. Kf1 {[%clk 0:00:49]} Ng6
{[%clk 0:00:22]} 31. Rad1 {[%clk 0:00:45]} Nxf4 {[%clk 0:00:22]} 32. gxf4
{[%clk 0:00:46]} Bc6 {[%clk 0:00:10]} 33. Rd6 {[%clk 0:00:40]} Rh8
{[%clk 0:00:10]} 34. Ke2 {[%clk 0:00:41]} Rh3 {[%clk 0:00:10]} 35. Rxc6
{[%clk 0:00:33]} Qxc6 {[%clk 0:00:11]} 36. Rd3 {[%clk 0:00:29]} Qc5
{[%clk 0:00:09]} 37. Qd2 {[%clk 0:00:23]} Rg2 {[%clk 0:00:10]} 38. Rd4
{[%clk 0:00:15]} Qc6 {[%clk 0:00:07]} 39. Rd3 {[%clk 0:00:13]} Qc5
{[%clk 0:00:08]} 40. Rd4 {[%clk 0:00:15]} Qc6 41. Rd3 Rg4 {[%clk 0:00:09]} 42.
Nd4 {[%clk 0:00:12]} Qe4+ {[%clk 0:00:08]} 43. Re3 {[%clk 0:00:11]} Qxf4
{[%clk 0:00:07]} 44. Rxh3 {[%clk 0:00:07]} Qxd4 {[%clk 0:00:06]} 45. Qxd4
{[%clk 0:00:08]} Rxd4 {[%clk 0:00:07]} 46. Rd3 {[%clk 0:00:09]} Re4+
{[%clk 0:00:04]} 47. Re3 {[%clk 0:00:10]} Rh4 48. Rg3 {[%clk 0:00:10]} Kc7
{[%clk 0:00:05]} 49. Kd3 {[%clk 0:00:11]} Rh2 {[%clk 0:00:06]} 50. Ke3
{[%clk 0:00:12]} Rh1 {[%clk 0:00:07]} 51. Kd4 {[%clk 0:00:12]} Rf1
{[%clk 0:00:07]} 52. Rf3 {[%clk 0:00:13]} Rb1 {[%clk 0:00:08]} 53. Kc3
{[%clk 0:00:14]} Re1 {[%clk 0:00:09]} 54. Kd2 {[%clk 0:00:15]} Rxe5
{[%clk 0:00:09]} 55. Rh3 {[%clk 0:00:16]} Re4 {[%clk 0:00:10]} 56. Rh8
{[%clk 0:00:17]} Rd4+ {[%clk 0:00:10]} 57. Ke3 {[%clk 0:00:18]} Rd1
{[%clk 0:00:11]} 58. Rh2 {[%clk 0:00:17]} Re1+ {[%clk 0:00:11]} 59. Kd3
{[%clk 0:00:18]} Rb1 {[%clk 0:00:11]} 60. f3 {[%clk 0:00:19]} Rf1
{[%clk 0:00:12]} 61. Ke2 {[%clk 0:00:20]} Rb1 {[%clk 0:00:12]} 62. Kd3
{[%clk 0:00:21]} Rg1 {[%clk 0:00:13]} 63. b4 {[%clk 0:00:21]} Kc6
{[%clk 0:00:12]} 64. Kd4 {[%clk 0:00:22]} Rd1+ {[%clk 0:00:13]} 65. Ke5
{[%clk 0:00:23]} Rc1 66. Kd4 Rd1+ {[%clk 0:00:13]} 67. Ke5 {[%clk 0:00:26]} Rf1
{[%clk 0:00:14]} 68. f4 {[%clk 0:00:24]} Re1+ {[%clk 0:00:15]} 69. Kf6
{[%clk 0:00:24]} Re4 {[%clk 0:00:16]} 70. Rh8 {[%clk 0:00:25]} Rxc4
{[%clk 0:00:15]} 71. Ke7 {[%clk 0:00:26]} Rxf4 {[%clk 0:00:15]} 72. Rc8+
{[%clk 0:00:26]} Kb5 {[%clk 0:00:16]} 73. Kxd7 {[%clk 0:00:27]} Rxb4
{[%clk 0:00:15]} 74. Kxe6 {[%clk 0:00:28]} f4 {[%clk 0:00:16]} 75. Rc2
{[%clk 0:00:28]} f3 {[%clk 0:00:15]} 76. Kd5 {[%clk 0:00:27]} Rf4
{[%clk 0:00:16]} 77. Ke5 {[%clk 0:00:28]} Rf8 {[%clk 0:00:16]} 78. Rf2
{[%clk 0:00:29]} Kc4 {[%clk 0:00:17]} 79. Kd6 {[%clk 0:00:29]} Kd3
{[%clk 0:00:17]} 80. Kc6 {[%clk 0:00:29]} Ke3 81. Rf1 Rf6+ {[%clk 0:00:17]} 82.
Kb7 {[%clk 0:00:32]} f2 {[%clk 0:00:18]} 83. Kxa6 {[%clk 0:00:32]} Ke2
{[%clk 0:00:19]} 84. Rh1 {[%clk 0:00:33]} f1=Q {[%clk 0:00:18]} 85. Rxf1
{[%clk 0:00:35]} Kxf1 {[%clk 0:00:19]} 0-1